000 00203 a2200109 4500
020 _a9781433558276
041 _aeng
100 _aAnonimo
245 _aHoly Bible
942 _cBK
952 _71
_xReligion
999 _c25870
_d25870